Statistiken für Größten Deutschen Marken

Klicken Sie hier um das Quiz zu spielen!

Allgemein

  • Dieses Quiz wurde 243 mal gespielt
  • Das Durchschnittsergebnis liegt bei 8 aus 10

Antwortstatistiken

WertMarkeBranche% Korrekt
32,7 Milliarden EuroVWAutomobilindustrie
98%
38,9 Milliarden EuroBMWAutomobilindustrie
95%
56,7 Milliarden EuroMercedes BenzAutomobilindustrie
95%
60,7 Milliarden EuroDeutsche TelekomTelekommunikation
92%
15,1 Milliarden EuroAdidasSportartikel
90%
35,4 Milliarden EuroPorscheAutomobilindustrie
81%
46,6 Milliarden EuroAllianzVersicherungen
76%
17,1 Milliarden EuroLidlLebensmitteleinzelhandel
73%
20,3 Milliarden EuroSAPSoftware
53%
20,6 Milliarden EuroSiemensMischkonzern (Industrie, Infrastruktur, Mobilität und Gesundheit)
32%

Verteilung der Resultate

Perzentil nach korrekt beantworteten Fragen

Anzahl Personen mit jedem Resultat

Ihre Resultats-Entwicklung

Sie haben dieses Quiz noch nicht gespielt